000 00280nam a22001337a 4500
008 170713b xxu||||| |||| 00| 0 eng d
020 _a0521428335
041 _aeng
080 _a101
100 _a24
101 _aFIL
245 _aLIFE AND DEATH
_cBROCK,D.W
942 _2udc
_cBK
999 _c20516
_d20516